000 00332 a2200157 4500
001 174121
020 _a
040 _cMagnum
100 _aGóes, Lúcia Pimentel
240 1 0 _aO leao engolidor
_lpor
245 1 0 _aO leao engolidor
362 0 _a1899
440 1 _aMelhoramentos
697 _aIJ/FADAS, FANTASIA
942 _cBK
999 _c174121
_d174121